00362pab a2200121 454500008004000000100002400040245008200064260000900146300001400155362001100169650001800180773004200198180718b2003 xxu||||| |||| 00| 0 eng d aMcDonough, Terrence aWhat does long wave theory have to contribute to the debate on globalization? c2003 ap.280-86. aSummer aGlobalization aReview of Radical Political Economics